فر ہنگ فسا نہءعجا يب (Record no. 164269)

MARC details
000 -LEADER
fixed length control field 00701nam a22001937a 4500
005 - DATE AND TIME OF LATEST TRANSACTION
control field 20190603161934.0
010 ## - LCCN (DPL NO)
LC control number UR-10120
020 ## - INTERNATIONAL STANDARD BOOK NUMBER
Terms of availability 750.00
International Standard Book Number 9789387829183
035 ## - SYSTEM CONTROL NUMBER
System control number U-8675
037 ## - SOURCE OF ACQUISITION
Source of stock number/acquisition DBAD/PUB
082 ## - DEWEY DECIMAL CLASSIFICATION NUMBER
Classification number 440.9380
100 ## - MAIN ENTRY--PERSONAL NAME
Personal name قر يشی شريف ا حمد
245 ## - TITLE STATEMENT
Title فر ہنگ فسا نہءعجا يب
Statement of responsibility, etc قر يشی شريف ا حمد
246 ## - VARYING FORM OF TITLE
Remainder of title ‏Farhang-e-Fasana-e-Ajaib(Urdu)
Title proper/short title by Dr. Sharif Ahmed Qureshi
260 ## - PUBLICATION, DISTRIBUTION, ETC. (IMPRINT)
Place of publication, distribution, etc Delhi
Name of publisher, distributor, etc Educational Publishing House
Date of publication, distribution, etc 2018ء
270 ## - ADDRESS
Address 3191،Vakil Street,Kucha Pandit,Lal Kuan,
City Delhi
Postal code 110006
Telephone number 23216162
Fax number 00911123211540
300 ## - PHYSICAL DESCRIPTION
Extent 712ص
Dimensions 22 Cm.(bk)
942 ## - ADDED ENTRY ELEMENTS (KOHA)
Source of classification or shelving scheme Dewey Decimal Classification
Item type Urdu Bks
Classification part 440.9380
Call number suffix ق ر ے
Holdings
Withdrawn status Lost status Not for loan Collection code Home library Current library Date acquired Source of acquisition Cost, normal purchase price Full call number Barcode Copy number Cost, replacement price Koha item type
    Not For Loan Non-fiction D.B.Act.Division D.B.Act.Division 15/05/2019 DBAD/PUB 750.00 440.9380 ق ر ے U-8675 1 750.00 Urdu Bks

© Delhi Public Library
Hit Counter
free hit counter